[Event "DEM U16w 2023"]
[Site "Willingen GER"]
[Date "2023.06.03"]
[Round "9"]
[White "Ulrich, Helena Irene"]
[Black "Fischer, Darja"]
[Result "0-1"]
[Termination "normal"]
[Board "5"]
[WhiteElo "1609"]
[BlackElo "1847"]
[WhiteClock "00:04:44"]
[BlackClock "00:16:24"]
[PlyCount "72"]
[WhiteFideId "16256000"]
[BlackFideId "16240898"]
[EventCountry "GER"]
[EventRounds "9"]
[EventType "swiss"]
[EventDate "2023.05.27"]

1. e4 {[%clk 01:30:59]} c5 {[%clk 01:30:56]} {[%emt 00:00:04]} 2. Nf3 {[%clk
01:31:26]} {[%emt 00:00:03]} e6 {[%clk 01:31:22]} {[%emt 00:00:05]} 3. d4
{[%clk 01:31:53]} {[%emt 00:00:02]} cxd4 {[%clk 01:31:48]} {[%emt 00:00:04]} 4.
Nxd4 {[%clk 01:32:19]} {[%emt 00:00:04]} Nc6 {[%clk 01:32:14]} {[%emt
00:00:04]} 5. Nc3 {[%clk 01:32:29]} {[%emt 00:00:20]} Qc7 {[%clk 01:32:39]}
{[%emt 00:00:05]} 6. Be3 {[%clk 01:29:51]} {[%emt 00:03:08]} a6 {[%clk
01:32:59]} {[%emt 00:00:11]} 7. Nxc6 {[%clk 01:30:11]} {[%emt 00:00:10]} bxc6
{[%clk 01:32:59]} {[%emt 00:00:30]} 8. Be2 {[%clk 01:26:19]} {[%emt 00:04:21]}
Nf6 {[%clk 01:31:27]} {[%emt 00:02:01]} 9. O-O {[%clk 01:23:11]} {[%emt
00:03:38]} d5 {[%clk 01:31:10]} {[%emt 00:00:47]} 10. exd5 {[%clk 01:21:37]}
{[%emt 00:02:05]} cxd5 {[%clk 01:31:32]} {[%emt 00:00:08]} 11. a3 {[%clk
01:08:59]} {[%emt 00:13:09]} Bd6 {[%clk 01:25:25]} {[%emt 00:06:36]} 12. g3
{[%clk 01:03:36]} {[%emt 00:05:52]} O-O {[%clk 01:22:11]} {[%emt 00:03:44]} 13.
Bf3 {[%clk 00:56:58]} {[%emt 00:07:08]} Bb7 {[%clk 01:21:22]} {[%emt 00:01:19]}
14. Bg2 {[%clk 00:54:08]} {[%emt 00:03:20]} Rac8 {[%clk 01:18:47]} {[%emt
00:03:05]} 15. Kh1 {[%clk 00:45:21]} {[%emt 00:09:17]} Rfd8 {[%clk 01:18:11]}
{[%emt 00:01:06]} 16. f4 {[%clk 00:28:25]} {[%emt 00:17:26]} Bc5 {[%clk
01:08:55]} {[%emt 00:09:46]} 17. Bd4 {[%clk 00:25:05]} {[%emt 00:03:50]} Ne4
{[%clk 01:03:19]} {[%emt 00:06:06]} 18. Ne2 {[%clk 00:21:39]} {[%emt 00:03:56]}
f6 {[%clk 00:52:14]} {[%emt 00:11:35]} 19. Bxc5 {[%clk 00:17:19]} {[%emt
00:04:51]} Qxc5 {[%clk 00:51:41]} {[%emt 00:01:03]} 20. Nd4 {[%clk 00:17:32]}
{[%emt 00:00:16]} Qb6 {[%clk 00:51:27]} {[%emt 00:00:43]} 21. Bh3 {[%clk
00:14:38]} {[%emt 00:03:25]} Rd6 {[%clk 00:46:57]} {[%emt 00:05:00]} 22. c3
{[%clk 00:13:24]} {[%emt 00:01:44]} Rcd8 {[%clk 00:42:06]} {[%emt 00:05:22]}
23. Qc2 {[%clk 00:12:39]} {[%emt 00:01:14]} g6 {[%clk 00:26:11]} {[%emt
00:16:25]} 24. Rae1 {[%clk 00:10:34]} {[%emt 00:02:35]} e5 {[%clk 00:25:15]}
{[%emt 00:01:26]} 25. fxe5 {[%clk 00:11:01]} {[%emt 00:00:04]} fxe5 {[%clk
00:25:42]} {[%emt 00:00:03]} 26. Nf3 {[%clk 00:11:20]} {[%emt 00:00:10]} Rf8
{[%clk 00:20:42]} {[%emt 00:05:30]} 27. Bg2 {[%clk 00:09:25]} {[%emt 00:02:24]}
Rdf6 {[%clk 00:20:29]} {[%emt 00:00:43]} 28. Qe2 {[%clk 00:07:52]} {[%emt
00:02:04]} a5 {[%clk 00:18:46]} {[%emt 00:02:13]} 29. Qe3 {[%clk 00:06:24]}
{[%emt 00:01:58]} Qxe3 {[%clk 00:15:32]} {[%emt 00:03:44]} 30. Rxe3 {[%clk
00:06:49]} {[%emt 00:00:05]} d4 {[%clk 00:15:57]} {[%emt 00:00:05]} 31. cxd4
{[%clk 00:06:39]} {[%emt 00:00:41]} exd4 {[%clk 00:16:26]} 32. Rb3 {[%clk
00:05:53]} {[%emt 00:01:15]} Bd5 {[%clk 00:15:28]} {[%emt 00:01:28]} 33. Rd3
{[%clk 00:05:49]} {[%emt 00:00:34]} Bc4 {[%clk 00:15:33]} {[%emt 00:00:25]} 34.
Rdd1 {[%clk 00:06:13]} {[%emt 00:00:05]} Bxf1 {[%clk 00:15:50]} {[%emt
00:00:14]} 35. Rxf1 {[%clk 00:06:39]} {[%emt 00:00:04]} d3 {[%clk 00:16:04]}
{[%emt 00:00:16]} 36. Kg1 {[%clk 00:04:44]} {[%emt 00:02:24]} d2 {[%clk
00:16:24]} {[%emt 00:00:10]} 0-1

[Event "DEM U16w 2023"]
[Site "Willingen GER"]
[Date "2023.06.03"]
[Round "9"]
[White "Wilmink, Anna"]
[Black "Reich, Elisabeth"]
[Result "1/2-1/2"]
[Termination "normal"]
[Board "6"]
[WhiteElo "1734"]
[BlackElo "1551"]
[WhiteClock "00:13:24"]
[BlackClock "00:30:57"]
[PlyCount "59"]
[WhiteFideId "16273680"]
[BlackFideId "16239776"]
[EventCountry "GER"]
[EventRounds "9"]
[EventType "swiss"]
[EventDate "2023.05.27"]

1. e4 {[%clk 01:30:58]} {[%emt 00:00:01]} c5 {[%clk 01:30:53]} {[%emt
00:00:08]} 2. Nf3 {[%clk 01:31:12]} {[%emt 00:00:16]} Nc6 {[%clk 01:31:17]}
{[%emt 00:00:05]} 3. d4 {[%clk 01:31:35]} {[%emt 00:00:07]} cxd4 {[%clk
01:31:44]} {[%emt 00:00:04]} 4. Nxd4 {[%clk 01:32:00]} {[%emt 00:00:05]} Nf6
{[%clk 01:32:05]} {[%emt 00:00:12]} 5. Nc3 {[%clk 01:32:23]} {[%emt 00:00:03]}
e6 {[%clk 01:32:31]} {[%emt 00:00:04]} 6. Ndb5 {[%clk 01:32:45]} {[%emt
00:00:09]} Bb4 {[%clk 01:32:56]} {[%emt 00:00:05]} 7. a3 {[%clk 01:32:36]}
{[%emt 00:00:39]} Bxc3+ {[%clk 01:33:19]} {[%emt 00:00:06]} 8. Nxc3 {[%clk
01:32:56]} {[%emt 00:00:11]} d5 {[%clk 01:33:42]} {[%emt 00:00:07]} 9. exd5
{[%clk 01:33:20]} {[%emt 00:00:06]} exd5 {[%clk 01:34:05]} {[%emt 00:00:06]}
10. Bd3 {[%clk 01:33:37]} {[%emt 00:00:13]} d4 {[%clk 01:33:17]} {[%emt
00:01:19]} 11. Ne4 {[%clk 01:31:39]} {[%emt 00:02:28]} Bf5 {[%clk 01:32:24]}
{[%emt 00:01:18]} 12. Nxf6+ {[%clk 01:16:40]} {[%emt 00:15:33]} Qxf6 {[%clk
01:32:44]} {[%emt 00:00:09]} 13. O-O {[%clk 01:14:37]} {[%emt 00:02:33]} Bxd3
{[%clk 01:31:59]} {[%emt 00:01:15]} 14. Qxd3 {[%clk 01:06:25]} {[%emt
00:08:42]} O-O {[%clk 01:32:12]} {[%emt 00:00:16]} 15. f4 {[%clk 00:59:04]}
{[%emt 00:07:53]} Rfe8 {[%clk 01:26:52]} {[%emt 00:05:48]} 16. Bd2 {[%clk
00:57:43]} {[%emt 00:01:51]} Re7 {[%clk 01:20:05]} {[%emt 00:07:15]} 17. Rae1
{[%clk 00:50:43]} {[%emt 00:07:33]} Rae8 {[%clk 01:19:30]} {[%emt 00:01:03]}
18. Rxe7 {[%clk 00:49:55]} {[%emt 00:01:19]} Rxe7 {[%clk 01:18:29]} {[%emt
00:01:31]} 19. Rf2 {[%clk 00:48:00]} {[%emt 00:02:25]} Qe6 {[%clk 01:09:31]}
{[%emt 00:09:25]} 20. b3 {[%clk 00:39:09]} {[%emt 00:09:25]} h6 {[%clk
01:04:38]} {[%emt 00:05:22]} 21. Kf1 {[%clk 00:36:56]} {[%emt 00:02:43]} Qd6
{[%clk 01:00:14]} {[%emt 00:04:48]} 22. Bc1 {[%clk 00:34:29]} {[%emt 00:03:03]}
Qc5 {[%clk 00:53:01]} {[%emt 00:07:37]} 23. Re2 {[%clk 00:31:09]} {[%emt
00:03:56]} Rxe2 {[%clk 00:47:28]} {[%emt 00:06:03]} 24. Qxe2 {[%clk 00:31:04]}
{[%emt 00:00:35]} Ne7 {[%clk 00:42:44]} {[%emt 00:05:11]} 25. Bb2 {[%clk
00:26:19]} {[%emt 00:05:17]} Nf5 {[%clk 00:35:19]} {[%emt 00:07:54]} 26. Qe8+
{[%clk 00:24:13]} {[%emt 00:02:38]} Kh7 {[%clk 00:35:36]} {[%emt 00:00:11]} 27.
Qe4 {[%clk 00:23:30]} {[%emt 00:01:14]} Kg8 {[%clk 00:30:19]} {[%emt 00:05:43]}
28. Qe8+ {[%clk 00:21:21]} {[%emt 00:02:42]} Kh7 {[%clk 00:30:35]} {[%emt
00:00:13]} 29. Qe4 {[%clk 00:21:04]} {[%emt 00:00:49]} Kg8 {[%clk 00:30:57]}
{[%emt 00:00:06]} 30. Qe8+ {[%clk 00:13:24]} {[%emt 00:08:10]} 1/2-1/2

[Event "DEM U16w 2023"]
[Site "Willingen GER"]
[Date "2023.06.03"]
[Round "9"]
[White "Stepanjan, Marianne"]
[Black "Reddi, Bhuvana"]
[Result "1/2-1/2"]
[Termination "normal"]
[Board "7"]
[WhiteElo "1465"]
[BlackElo "1735"]
[WhiteClock "00:07:05"]
[BlackClock "00:06:14"]
[PlyCount "76"]
[WhiteFideId "16246110"]
[BlackFideId "16287002"]
[EventCountry "GER"]
[EventRounds "9"]
[EventType "swiss"]
[EventDate "2023.05.27"]

1. e4 {[%clk 01:30:58]} {[%emt 00:00:01]} e5 {[%clk 01:30:56]} {[%emt
00:00:04]} 2. Nf3 {[%clk 01:31:24]} {[%emt 00:00:04]} Nc6 {[%clk 01:31:20]}
{[%emt 00:00:07]} 3. Bb5 {[%clk 01:31:49]} {[%emt 00:00:04]} a6 {[%clk
01:31:44]} {[%emt 00:00:06]} 4. Ba4 {[%clk 01:32:15]} {[%emt 00:00:05]} Nf6
{[%clk 01:32:09]} {[%emt 00:00:05]} 5. d3 {[%clk 01:32:40]} {[%emt 00:00:04]}
d6 {[%clk 01:32:33]} {[%emt 00:00:06]} 6. h3 {[%clk 01:33:04]} {[%emt
00:00:06]} b5 {[%clk 01:32:46]} {[%emt 00:00:17]} 7. Bb3 {[%clk 01:33:29]}
{[%emt 00:00:06]} Be7 {[%clk 01:29:29]} {[%emt 00:03:46]} 8. c3 {[%clk
01:33:45]} {[%emt 00:00:14]} Na5 {[%clk 01:29:13]} {[%emt 00:00:46]} 9. Bc2
{[%clk 01:33:33]} {[%emt 00:00:43]} c5 {[%clk 01:29:25]} {[%emt 00:00:17]} 10.
O-O {[%clk 01:32:36]} {[%emt 00:01:27]} Nd7 {[%clk 01:28:19]} {[%emt 00:01:37]}
11. Nbd2 {[%clk 01:29:29]} {[%emt 00:03:37]} Bf6 {[%clk 01:27:34]} {[%emt
00:01:14]} 12. Re1 {[%clk 01:28:45]} {[%emt 00:01:14]} O-O {[%clk 01:25:30]}
{[%emt 00:02:34]} 13. Nf1 {[%clk 01:28:35]} {[%emt 00:00:40]} g6 {[%clk
01:13:34]} {[%emt 00:12:26]} 14. Ng3 {[%clk 01:14:50]} {[%emt 00:14:15]} Bg7
{[%clk 01:13:07]} {[%emt 00:00:57]} 15. d4 {[%clk 01:11:01]} {[%emt 00:04:20]}
exd4 {[%clk 01:12:43]} {[%emt 00:00:54]} 16. cxd4 {[%clk 01:09:42]} {[%emt
00:01:49]} Nc6 {[%clk 01:12:12]} {[%emt 00:01:00]} 17. Be3 {[%clk 01:03:44]}
{[%emt 00:06:28]} Re8 {[%clk 01:08:47]} {[%emt 00:03:53]} 18. Bb3 {[%clk
00:54:26]} {[%emt 00:09:50]} c4 {[%clk 01:07:11]} {[%emt 00:02:07]} 19. Bc2
{[%clk 00:53:43]} {[%emt 00:01:13]} Bb7 {[%clk 01:05:36]} {[%emt 00:02:05]} 20.
Bf4 {[%clk 00:46:51]} {[%emt 00:07:22]} Qb6 {[%clk 01:01:58]} {[%emt 00:04:07]}
21. Be3 {[%clk 00:43:55]} {[%emt 00:03:26]} d5 {[%clk 00:54:11]} {[%emt
00:08:17]} 22. a3 {[%clk 00:36:13]} {[%emt 00:08:12]} Qc7 {[%clk 00:52:14]}
{[%emt 00:02:28]} 23. h4 {[%clk 00:35:13]} {[%emt 00:01:31]} dxe4 {[%clk
00:51:47]} {[%emt 00:00:57]} 24. Nxe4 {[%clk 00:32:48]} {[%emt 00:02:55]} Nf6
{[%clk 00:51:28]} {[%emt 00:00:49]} 25. Nxf6+ {[%clk 00:30:41]} {[%emt
00:02:37]} Bxf6 {[%clk 00:51:02]} {[%emt 00:00:55]} 26. h5 {[%clk 00:27:42]}
{[%emt 00:03:29]} Ne7 {[%clk 00:40:21]} {[%emt 00:11:11]} 27. Nh2 {[%clk
00:17:30]} {[%emt 00:10:42]} Qc6 {[%clk 00:36:20]} {[%emt 00:04:30]} 28. Qg4
{[%clk 00:17:11]} {[%emt 00:00:50]} Nd5 {[%clk 00:35:28]} {[%emt 00:01:21]} 29.
hxg6 {[%clk 00:14:05]} {[%emt 00:03:38]} fxg6 {[%clk 00:34:33]} {[%emt
00:01:24]} 30. Bh6 {[%clk 00:11:24]} {[%emt 00:03:09]} Bg7 {[%clk 00:26:25]}
{[%emt 00:08:38]} 31. Bxg7 {[%clk 00:11:22]} {[%emt 00:00:34]} Kxg7 {[%clk
00:26:14]} {[%emt 00:00:41]} 32. Be4 {[%clk 00:10:00]} {[%emt 00:01:49]} Qd6
{[%clk 00:22:25]} {[%emt 00:04:17]} 33. Qf3 {[%clk 00:07:27]} {[%emt 00:03:06]}
Rf8 {[%clk 00:22:14]} {[%emt 00:00:42]} 34. Qd1 {[%clk 00:06:51]} {[%emt
00:00:49]} Rae8 {[%clk 00:22:02]} {[%emt 00:00:59]} 35. Bf3 {[%clk 00:06:21]}
{[%emt 00:01:00]} Qf4 {[%clk 00:20:54]} {[%emt 00:01:36]} 36. Ng4 {[%clk
00:06:18]} {[%emt 00:00:35]} Rxe1+ {[%clk 00:19:46]} {[%emt 00:01:40]} 37. Qxe1
{[%clk 00:06:42]} {[%emt 00:00:06]} Qxd4 {[%clk 00:13:15]} {[%emt 00:07:00]}
38. Rd1 {[%clk 00:07:05]} {[%emt 00:00:08]} Qf4 {[%clk 00:06:14]} {[%emt
00:07:29]} 1/2-1/2

[Event "DEM U16w 2023"]
[Site "Willingen GER"]
[Date "2023.06.03"]
[Round "9"]
[White "Neumann, Helena"]
[Black "von Beckh, Frieda"]
[Result "1-0"]
[Termination "normal"]
[Board "9"]
[WhiteElo "1407"]
[BlackElo "1673"]
[WhiteClock "00:18:17"]
[BlackClock "00:36:03"]
[PlyCount "71"]
[WhiteFideId "16275365"]
[BlackFideId "16233751"]
[EventCountry "GER"]
[EventRounds "9"]
[EventType "swiss"]
[EventDate "2023.05.27"]

1. e4 {[%clk 01:30:59]} {[%emt 19:10:54]} c5 {[%clk 01:30:54]} {[%emt
00:00:08]} 2. Nf3 {[%clk 01:31:25]} {[%emt 00:00:04]} Nc6 {[%clk 01:31:19]}
{[%emt 00:00:05]} 3. d4 {[%clk 01:31:51]} {[%emt 00:00:04]} cxd4 {[%clk
01:31:45]} {[%emt 00:00:04]} 4. Nxd4 {[%clk 01:32:17]} {[%emt 00:00:04]} g6
{[%clk 01:32:10]} {[%emt 00:00:06]} 5. Nc3 {[%clk 01:32:44]} {[%emt 00:00:03]}
Bg7 {[%clk 01:32:36]} {[%emt 00:00:04]} 6. Be3 {[%clk 01:33:10]} {[%emt
00:00:04]} Nf6 {[%clk 01:33:01]} {[%emt 00:00:05]} 7. Bc4 {[%clk 01:33:37]}
{[%emt 00:00:02]} Qa5 {[%clk 01:33:25]} {[%emt 00:00:07]} 8. O-O {[%clk
01:33:23]} {[%emt 00:00:43]} O-O {[%clk 01:33:47]} {[%emt 00:00:08]} 9. h3
{[%clk 01:29:09]} {[%emt 00:04:45]} d6 {[%clk 01:29:51]} {[%emt 00:04:26]} 10.
Re1 {[%clk 01:23:34]} {[%emt 00:06:04]} Bd7 {[%clk 01:29:32]} {[%emt 00:00:49]}
11. Nb3 {[%clk 01:12:16]} {[%emt 00:11:49]} Qc7 {[%clk 01:28:44]} {[%emt
00:01:17]} 12. Qd2 {[%clk 01:10:56]} {[%emt 00:01:51]} Ne5 {[%clk 01:27:39]}
{[%emt 00:01:35]} 13. Be2 {[%clk 01:10:57]} {[%emt 00:00:28]} Bc6 {[%clk
01:27:03]} {[%emt 00:01:06]} 14. f4 {[%clk 01:09:58]} {[%emt 00:01:30]} Ned7
{[%clk 01:25:17]} {[%emt 00:02:16]} 15. Bf3 {[%clk 01:09:35]} {[%emt 00:00:54]}
Rfd8 {[%clk 01:23:48]} {[%emt 00:01:59]} 16. Rad1 {[%clk 01:04:50]} {[%emt
00:05:15]} Nb6 {[%clk 01:20:24]} {[%emt 00:03:54]} 17. Qf2 {[%clk 01:01:34]}
{[%emt 00:03:45]} Nc4 {[%clk 01:18:06]} {[%emt 00:02:48]} 18. Bc1 {[%clk
00:59:49]} {[%emt 00:02:16]} e6 {[%clk 01:15:36]} {[%emt 00:02:58]} 19. g4
{[%clk 00:51:56]} {[%emt 00:08:25]} Rd7 {[%clk 00:56:31]} {[%emt 00:19:35]} 20.
Nd4 {[%clk 00:46:14]} {[%emt 00:06:12]} a6 {[%clk 00:52:50]} {[%emt 00:04:11]}
21. b3 {[%clk 00:41:18]} {[%emt 00:05:26]} Qa5 {[%clk 00:48:09]} {[%emt
00:05:11]} 22. Rd3 {[%clk 00:34:35]} {[%emt 00:07:12]} Nb6 {[%clk 00:47:03]}
{[%emt 00:01:34]} 23. Bd2 {[%clk 00:32:39]} {[%emt 00:02:29]} Qc5 {[%clk
00:46:21]} {[%emt 00:01:13]} 24. Be3 {[%clk 00:29:10]} {[%emt 00:03:59]} Nc8
{[%clk 00:43:42]} {[%emt 00:03:08]} 25. Nxe6 {[%clk 00:24:03]} {[%emt
00:05:38]} Qa5 {[%clk 00:43:25]} {[%emt 00:00:46]} 26. Nxg7 {[%clk 00:24:26]}
{[%emt 00:00:07]} Kxg7 {[%clk 00:43:50]} {[%emt 00:00:05]} 27. g5 {[%clk
00:24:35]} {[%emt 00:00:21]} Ne8 {[%clk 00:43:19]} {[%emt 00:01:01]} 28. Bg4
{[%clk 00:22:38]} {[%emt 00:02:27]} Re7 {[%clk 00:41:13]} {[%emt 00:02:35]} 29.
Bd4+ {[%clk 00:22:16]} {[%emt 00:00:52]} Kg8 {[%clk 00:40:47]} {[%emt
00:00:54]} 30. Bf6 {[%clk 00:22:26]} {[%emt 00:00:22]} Nxf6 {[%clk 00:39:22]}
{[%emt 00:01:54]} 31. gxf6 {[%clk 00:22:41]} {[%emt 00:00:17]} Re8 {[%clk
00:39:28]} {[%emt 00:00:23]} 32. Qh4 {[%clk 00:22:47]} {[%emt 00:00:23]} h5
{[%clk 00:39:41]} {[%emt 00:00:18]} 33. f5 {[%clk 00:19:55]} {[%emt 00:03:22]}
Qe5 {[%clk 00:37:52]} {[%emt 00:02:19]} 34. Bxh5 {[%clk 00:17:56]} {[%emt
00:02:30]} gxh5 {[%clk 00:35:44]} {[%emt 00:02:38]} 35. Qg5+ {[%clk 00:17:53]}
{[%emt 00:00:33]} Kf8 {[%clk 00:36:03]} {[%emt 00:00:11]} 36. Qg7# {[%clk
00:18:17]} {[%emt 00:00:06]} 1-0

[Event "DEM U16w 2023"]
[Site "Willingen GER"]
[Date "2023.06.03"]
[Round "9"]
[White "Jacobasch, Ronja"]
[Black "Englert, Lin"]
[Result "1/2-1/2"]
[Termination "normal"]
[Board "10"]
[WhiteElo "1595"]
[BlackElo "1447"]
[WhiteClock "00:27:24"]
[BlackClock "00:35:57"]
[PlyCount "88"]
[WhiteFideId "34604340"]
[BlackFideId "16226410"]
[EventCountry "GER"]
[EventRounds "9"]
[EventType "swiss"]
[EventDate "2023.05.27"]

1. Nf3 {[%clk 01:30:58]} {[%emt 00:00:02]} d5 {[%clk 01:30:53]} {[%emt
00:00:08]} 2. g3 {[%clk 01:31:21]} {[%emt 00:00:06]} Nf6 {[%clk 01:31:14]}
{[%emt 00:00:08]} 3. Bg2 {[%clk 01:31:45]} {[%emt 00:00:06]} c6 {[%clk
01:30:37]} {[%emt 00:01:07]} 4. O-O {[%clk 01:32:04]} {[%emt 00:00:10]} Bf5
{[%clk 01:30:07]} {[%emt 00:01:01]} 5. d3 {[%clk 01:32:23]} {[%emt 00:00:11]}
e6 {[%clk 01:29:17]} {[%emt 00:01:20]} 6. Nbd2 {[%clk 01:31:01]} {[%emt
00:01:52]} Bd6 {[%clk 01:24:58]} {[%emt 00:04:50]} 7. Qe1 {[%clk 01:28:43]}
{[%emt 00:02:49]} Bg6 {[%clk 01:21:01]} {[%emt 00:04:26]} 8. e4 {[%clk
01:27:27]} {[%emt 00:01:46]} dxe4 {[%clk 01:14:33]} {[%emt 00:06:58]} 9. dxe4
{[%clk 01:26:43]} {[%emt 00:01:14]} Be7 {[%clk 01:11:04]} {[%emt 00:03:59]} 10.
Qe2 {[%clk 01:23:54]} {[%emt 00:03:20]} Nbd7 {[%clk 01:05:20]} {[%emt
00:06:13]} 11. Rd1 {[%clk 01:15:13]} {[%emt 00:09:10]} Qc7 {[%clk 01:01:22]}
{[%emt 00:04:28]} 12. e5 {[%clk 01:08:30]} {[%emt 00:07:13]} Nd5 {[%clk
00:58:28]} {[%emt 00:03:24]} 13. c3 {[%clk 01:02:48]} {[%emt 00:06:12]} Nc5
{[%clk 00:53:15]} {[%emt 00:05:42]} 14. Nc4 {[%clk 00:58:19]} {[%emt 00:04:59]}
O-O {[%clk 00:50:06]} {[%emt 00:03:40]} 15. Be3 {[%clk 00:55:05]} {[%emt
00:03:44]} Nxe3 {[%clk 00:41:35]} {[%emt 00:09:00]} 16. Nxe3 {[%clk 00:53:57]}
{[%emt 00:01:37]} Rad8 {[%clk 00:40:28]} {[%emt 00:01:37]} 17. Rxd8 {[%clk
00:37:39]} {[%emt 00:16:49]} Rxd8 {[%clk 00:40:42]} {[%emt 00:00:17]} 18. Rd1
{[%clk 00:37:32]} {[%emt 00:00:36]} Rxd1+ {[%clk 00:37:26]} {[%emt 00:03:47]}
19. Nxd1 {[%clk 00:36:54]} {[%emt 00:01:08]} Qd7 {[%clk 00:36:55]} {[%emt
00:01:00]} 20. Ne3 {[%clk 00:35:00]} {[%emt 00:02:25]} Qd3 {[%clk 00:35:11]}
{[%emt 00:02:14]} 21. Qxd3 {[%clk 00:34:28]} {[%emt 00:01:01]} Nxd3 {[%clk
00:35:38]} {[%emt 00:00:03]} 22. b4 {[%clk 00:32:43]} {[%emt 00:02:16]} Nc1
{[%clk 00:35:44]} {[%emt 00:00:23]} 23. a3 {[%clk 00:31:15]} {[%emt 00:01:59]}
Ne2+ {[%clk 00:36:05]} {[%emt 00:00:10]} 24. Kh1 {[%clk 00:30:57]} {[%emt
00:00:46]} Nxc3 {[%clk 00:36:18]} {[%emt 00:00:18]} 25. Nc4 {[%clk 00:28:15]}
{[%emt 00:03:11]} Nb5 {[%clk 00:32:19]} {[%emt 00:04:30]} 26. Nfd2 {[%clk
00:25:14]} {[%emt 00:03:30]} c5 {[%clk 00:27:59]} {[%emt 00:04:50]} 27. bxc5
{[%clk 00:17:55]} {[%emt 00:07:50]} Bxc5 {[%clk 00:28:21]} {[%emt 00:00:07]}
28. Bxb7 {[%clk 00:17:22]} {[%emt 00:01:02]} Bxf2 {[%clk 00:27:58]} {[%emt
00:00:53]} 29. a4 {[%clk 00:16:33]} {[%emt 00:01:20]} Nc3 {[%clk 00:25:47]}
{[%emt 00:02:41]} 30. a5 {[%clk 00:15:48]} {[%emt 00:01:14]} Bd3 {[%clk
00:21:37]} {[%emt 00:04:40]} 31. Nd6 {[%clk 00:11:40]} {[%emt 00:04:39]} Bc5
{[%clk 00:19:10]} {[%emt 00:02:56]} 32. Kg2 {[%clk 00:10:03]} {[%emt 00:02:07]}
f6 {[%clk 00:16:39]} {[%emt 00:03:01]} 33. N6e4 {[%clk 00:08:46]} {[%emt
00:01:48]} Bxe4+ {[%clk 00:13:33]} {[%emt 00:03:37]} 34. Nxe4 {[%clk 00:08:54]}
{[%emt 00:00:22]} Nxe4 {[%clk 00:13:42]} {[%emt 00:00:21]} 35. Bxe4 {[%clk
00:09:19]} {[%emt 00:00:04]} f5 {[%clk 00:13:59]} {[%emt 00:00:13]} 36. Bd3
{[%clk 00:08:37]} {[%emt 00:01:12]} Bd4 {[%clk 00:14:06]} {[%emt 00:00:22]} 37.
Bc4 {[%clk 00:07:18]} {[%emt 00:01:49]} Kf7 {[%clk 00:14:29]} {[%emt 00:00:06]}
38. Kf3 {[%clk 00:05:43]} {[%emt 00:02:06]} Bxe5 {[%clk 00:14:47]} {[%emt
00:00:13]} 39. h3 {[%clk 00:04:42]} {[%emt 00:01:29]} Kf6 {[%clk 00:13:46]}
{[%emt 00:01:33]} 40. a6 {[%clk 00:04:08]} {[%emt 00:01:03]} Bc7 {[%clk
00:13:01]} {[%emt 00:01:15]} 41. g4 {[%clk 00:03:26]} {[%emt 00:01:11]} g5
{[%clk 00:07:35]} {[%emt 00:05:57]} 42. Bd3 {[%clk 00:00:58]} {[%emt 00:02:58]}
h6 {[%clk 00:07:02]} {[%emt 00:01:02]} 43. Bc2 {[%clk 00:29:48]} {[%emt
00:01:41]} Kg6 {[%clk 00:36:21]} {[%emt 00:01:11]} 44. Bb3 {[%clk 00:27:24]}
{[%emt 00:02:54]} Kf6 {[%clk 00:35:57]} {[%emt 00:00:54]} 1/2-1/2